|
|
|
|
| LEADER |
01387nam a2200313 a 4500 |
| 001 |
GR-Patra8595 |
| 003 |
GR-PaULI |
| 008 |
991022s1997 gr 000 0 gre d |
| 040 |
|
|
|a GrPaTEI
|b gre
|c GR-PaULI
|
| 245 |
0 |
0 |
|a Εγκατάσταση, διαχείριση και λειτουργία ενός Sco Unix Server (PC-486) και ανάπτυξη εφαρμογών.
|
| 260 |
|
|
|a Πάτρα :
|b ΤΕΙ Πάτρας,
|c 1997
|
| 300 |
|
|
|a 371σ.,πιν.
|
| 500 |
|
|
|a Βιβλιογραφία: σ.371 Πτυχιακή εργασία
|
| 650 |
|
0 |
|a UNIX
|
| 650 |
|
4 |
|a Ηλεκτρονικοί υπολογιστές
|
| 650 |
|
4 |
|a ΛΕΙΤΟΥΡΓΙΚΑ ΣΥΣΤΗΜΑΤΑ
|
| 650 |
|
4 |
|a Πτυχιακή εργασία
|
| 700 |
1 |
|
|a Κουφάκος, Μ.
|
| 700 |
1 |
|
|a Πλέστης, Κ.
|
| 700 |
1 |
|
|a Χαδέλης, Λ.,
|c Εισηγητής
|
| 710 |
0 |
|
|a Σ.Τ.Ε..
|b Τμήμα Ηλεκτρολογίας
|
| 710 |
0 |
|
|a ΤΕΙ Πάτρας
|
| 856 |
4 |
0 |
|u https://nereus.library.upatras.gr/formerpat/ptyxiakes/ste/ste_e/1996-2000/2057pe.pdf
|
| 907 |
|
|
|a .b26561104
|b 15-04-20
|c 23-09-16
|
| 942 |
|
|
|2 ddc
|b LISK
|c ERST
|x GrPaTEI
|
| 952 |
|
|
|0 0
|1 0
|4 0
|7 0
|9 344462
|a LISK
|b LISK
|d 2021-11-12
|l 0
|r 2021-11-12 00:00:00
|w 2021-11-12
|y ERST
|x Μεταφορά από πΤΕΙ Δυτικής Ελλάδος
|
| 981 |
|
|
|p atra8595
|
| 998 |
|
|
|a 24
|b 15-01-16
|c m
|d u
|e -
|f gre
|g gr
|h 0
|
| 999 |
|
|
|c 198894
|d 198894
|